О кредитных историях: федеральный закон
| Sumari: | Исключено из фонда НТБ ТПУ |
|---|---|
| Idioma: | rus |
| Publicat: |
Москва, Омега-Л, 2005
|
| Col·lecció: | Законы Российской Федерации |
| Format: | MixedMaterials Llibre |
| KOHA link: | https://koha.lib.tpu.ru/cgi-bin/koha/opac-detail.pl?biblionumber=104593 |
MARC
| LEADER | 00000nam0a2200000 4500 | ||
|---|---|---|---|
| 001 | 104593 | ||
| 005 | 20231031114054.0 | ||
| 010 | |a 5981199180 | ||
| 035 | |a (RuTPU)RU\TPU\book\112787 | ||
| 035 | |a RU\TPU\book\112785 | ||
| 090 | |a 104593 | ||
| 100 | |a 20061103d2005 k y0rusy50 ca | ||
| 101 | 0 | |a rus | |
| 102 | |a RU | ||
| 105 | |a y n 000zy | ||
| 200 | 1 | |a О кредитных историях |e федеральный закон | |
| 210 | |a Москва |c Омега-Л |d 2005 | ||
| 215 | |a 30 с. | ||
| 225 | 1 | |a Законы Российской Федерации | |
| 333 | |a Исключено из фонда НТБ ТПУ | ||
| 801 | 1 | |a RU |b 63413507 |c 20061103 |g PSBO | |
| 801 | 2 | |a RU |b 63413507 |c 20220620 |g PSBO | |
| 942 | |c BK | ||